Les Aventures de Tintin - Les 7 Boules de cristal - Statistiques

Statistiques générales
  • Ce quiz a été pris 582 fois
  • Le résultat moyen est 16 sur 18
Statistiques - réponses
Question Réponse % Correct
Tintin reconnait le général Alcazar qui se produit sur scène. Il est devenu... Lanceur de poignards
98%
Comment se nomme le dernier membre de l'expédition, chez qui nos héros sont hébergés ? Hippolyte Bergamotte
95%
Comme est surnommé l'Inca Rascar-Capac, dont la momie est exposée chez ce dernier ? Celui-qui-déchaîne-le-feu-du-ciel
94%
Quel objet le professeur Tournesol trouve-t-il dans un buisson, grâce à son pendule ? Un bracelet en or
94%
Comment s'appelle la voyante extralucide qui se produit au music-hall ? Madame Yamilah
93%
Quel objet tombe sur la tête du capitaine lorsque celui-ci fait effondrer les décors de théâtre ? Une tête de vache
93%
Une expédition ethnographique revient en Europe. Quels pays a-t-elle visités ? Le Pérou et la Bolivie
91%
Nestor manque de peu le départ du capitaine pour l'Amérique du Sud. Que contenait la valise qu'il lui apportait ? Des monocles
90%
Un orage éclate. Par où l'étrange boule lumineuse entre-t-elle dans la maison du professeur ? Par la cheminée
90%
En quoi consiste le tour de magie que le capitaine tente de reproduire devant Tintin ? Transformer de l'eau en vin
90%
Quel animal le professeur Hornet, conservateur du musée d'Histoire naturelle, reçoit-il en colis ? Un papillon
90%
Nos héros poursuivent leur voyage jusqu'à La Rochelle. Quel objet appartenant au professeur Tournesol trouvent-ils au port de cette ville ? Son chapeau
88%
Quelle activité sportive le capitaine Haddock pratique-t-il (avec peine !) au début du récit ? L'équitation
87%
Après le professeur Laubépin retrouvé dans sa salle de bains, c'est au tour de Marc Charlet d'être victime des boules de cristal. Où se trouvait-il lorsque cela se produisit ? Dans un taxi
86%
Dans quelle ville le capitaine et Tintin se rendent-il, pour retrouver le professeur Tournesol disparu ? Saint-Nazaire
84%
Qui est le second membre de l'expédition a être frappé par un mal mystérieux ? Sanders-Hardmuth
83%
Cette dernière annonce à une femme dans l'assistance que son mari est atteint d'un mal mystérieux. Comment s'appelle cette femme ? Madame Clairmont
82%
Sous quel nom est présenté le partenaire de spectacle du général Alcazar ? Chiquito
60%
Aucun quiz correspondant
Distribution des résultats
% des personnes avec chaque résultat
Percentile par nombre de réponses
Votre historique - résultats
Vous n’avez pas pris ce quiz